000 01771cam a2200385 i 4500
001 20458158
003 NUST
005 20210329122007.0
008 180419t20182018mau b 001 0 eng
010 _a 2018017250
020 _a9781328546395 (hardcover)
038 _awaseem
040 _aDLC
_beng
_cDLC
_erda
_dDLC
042 _apcc
043 _aa-cc---
_an-us---
050 0 0 _aHC79.I55
_bL435 2018
082 0 0 _a338.4700630951
_bLEE
100 1 _aLee, Kai-Fu,
_eauthor.
_952004
245 1 0 _aAI superpowers :
_bChina, Silicon Valley, and the new world order /
_cKai-Fu Lee.
264 1 _aBoston :
_bHoughton Mifflin Harcourt,
_c2018.
264 4 _c©2018
300 _axi, 253 pages ;
_c24 cm
336 _atext
_btxt
_2rdacontent
337 _aunmediated
_bn
_2rdamedia
338 _avolume
_bnc
_2rdacarrier
504 _aIncludes bibliographical references (pages 234-241) and index.
505 0 _aIntroduction -- China's Sputnik moment -- Copycats in the Coliseum -- China's alternate Internet universe -- A tale of two countries -- The four waves of AI -- Utopia, dystopia, and the real AI crisis -- The wisdom of cancer -- A blueprint for human co-existence with AI -- Our global AI story.
563 _aHardcover.
650 0 _aArtificial intelligence
_xEconomic aspects
_zChina.
_952005
650 0 _aArtificial intelligence
_xEconomic aspects
_zUnited States.
_952006
776 0 8 _iOnline version:
_aLee, Kai-Fu, author.
_tAI superpowers
_dBoston : Houghton Mifflin Harcourt, [2018]
_z9781328545862
_w(DLC) 2018019409
906 _a7
_bcbc
_corignew
_d1
_eecip
_f20
_gy-gencatlg
942 _2ddc
_cBK
999 _c554482
_d554482